Guess the random Taylor Swift Song Lyrics 14 - Statistics

General Stats
  • This quiz has been taken 13 times
  • The average score is 234 of 293
Answer Stats
Answer % Correct
a
100%
And
100%
and
100%
But
100%
but
100%
How
100%
how
100%
I
100%
if
100%
in
100%
In
100%
it
100%
It
100%
It's
100%
it's
100%
me
100%
my
100%
so
100%
So
100%
(so
100%
that
100%
the
100%
then
100%
there
100%
to
100%
what
100%
who
100%
you
100%
Your
100%
your
100%
all
90%
are
90%
did
90%
Even
90%
for
90%
just
90%
love
90%
on
90%
some
90%
they
90%
was
90%
didn't
80%
existed
80%
forgot
80%
happened
80%
isn't
80%
kill
80%
magical
80%
night
80%
of
80%
one
80%
right
80%
something
80%
thought
80%
were
80%
would
80%
wrong
80%
yeah
80%
yeah)
80%
hate
70%
indifference
70%
many
70%
nice
70%
peaceful
70%
up
70%
would've
70%
Would've
70%
As
60%
as
60%
been
60%
blur
60%
'bout
60%
came
60%
couldn't
60%
days
60%
down
60%
front
60%
gone
60%
Got
60%
nobody
60%
quiet
60%
row
60%
show
60%
Thinkin'
60%
whole
60%
around
50%
fought
50%
from
50%
get
50%
hard
50%
lessons
50%
message
50%
out
50%
sent
50%
showed
50%
spend
50%
started
50%
Taught
50%
than
50%
away
40%
clear
40%
going
40%
ground
40%
hit
40%
mind
40%
more
40%
rep
40%
soon
40%
stuck
40%
sunshine
40%
town
40%
ya
40%
Drake
30%
feelings
30%
Free
30%
Lived
30%
livin'
30%
popcorn
30%
rent
30%
schoolyard
30%
shade
30%
throwin'
30%
'Til
30%
tongue
30%
tripped
30%
Laughed
20%
lips
20%
name
20%
tied
20%
No matching quizzes found
Score Distribution
Percent of People with Each Score
Percentile by Number Answered
Your Score History
You have not taken this quiz